00577nam a2200169Ia 4500003000400000008004100004040001600045082002000061100001900081245018200100700002000282260003000302650001500332650001600347650001400363650003000377GCL140319s9999 xx 000 0 eng d aGCL / cGCL04a509.174927bR H1 aMOSELON, REGIS10aHISTOIRE DES SCIENCE ARABES ( V - 1 ) ASTRONOMIE THEARIQUE ET APPLIQUEE ( V - 2 ) MATHEMATIQUE ET PHYSIQUE( V - 3 ) TECHNOLOGIE ALCHIMIE ET SCIENCES DE LA VIE / cMOSELON, REGIS1 aRASHED, RASHEDI a[S.N] : bSEUIL ، c199704aTECHNOLOGY04aMATHEMATICS04aASTRONOMY04aSCIENCE - HISTORY - ARABS